ბათუმის შოთა რუსთაველის სახელმწიფო უნივერსიტეტის ბიბლიოთეკა

მსოფლიო ქვეყნების კონსტიტუციები : (ბიბ.ჩანაწერი № 56739)

000 -ლიდერი
ფიქსირებული სიგრძის საკონტროლო ველი 02159nam a22002777a 4500
003 - საკონტროლო ნომრის იდენტიფიკატორი
საკონტროლო ველი Ge_BSU
005 - ბოლო ოპერაციის თარიღი და დრო
საკონტროლო ველი 20190421020005.0
008 - ფიქსირებული სიგრძის მონაცემთა ელემენტები - ზოგადი ინფორმაცია
ფიქსირებული სიგრძის საკონტროლო ველი 190411s1992 ge ||||| |||| 00| 0 geo d
041 ## - ენის კოდი
Language code of text/sound track or separate title geo
080 ## - უნივერსალური ათობითი კლასიფიკაციის ინდექსი
Universal Decimal Classification number 342.4(100) მ-90
245 ## - ცნობა სათაურის შესახებ
Title მსოფლიო ქვეყნების კონსტიტუციები :
Remainder of title წ.1 : საქართველოს დემოკრატიული რესპუბლიკა ; ამერიკის შეერთებული შტატები ; საფრანგეთის რესპუბლიკა ; იტალიის რესპუბლიკა /
Statement of responsibility, etc შემდგ. ავთანდილ დემეტრაშვილი ; სარედ. კოლ.: ლევან ალექსიძე, ჯონი ხეცურიანი, ელისო გურგენიძე ; საქართველოს რესპუბლიკის იუსტიციის სამინისტრო.
264 ## - წარმოების, გამოცემის, დისტრიბუციის და სხვა ცნობები
გამოცემის, წარმოების, დისტრიბუციის... ადგილი თბილისი :
გამოცემის, წარმოების, დისტრიბუციის... სახელწოდება იურიდიული ლიტერატურა,
გამოცემის, წარმოების, დისტრიბუციის... თარიღი 1992.
300 ## - ფიზიკური აღწერა
Extent 216 გვ. ;
Dimensions 20 სმ.
653 ## - INDEX TERM--UNCONTROLLED
Uncontrolled term სამართალი
653 ## - INDEX TERM--UNCONTROLLED
Uncontrolled term მსოფლოი კონსტიტუციები
653 ## - INDEX TERM--UNCONTROLLED
Uncontrolled term საქართველოს კონსტიტუცია
653 ## - INDEX TERM--UNCONTROLLED
Uncontrolled term ამერიკის კონსტიტუცია
653 ## - INDEX TERM--UNCONTROLLED
Uncontrolled term საფრანგეთის კონსტიტუცია
653 ## - INDEX TERM--UNCONTROLLED
Uncontrolled term იტალიის კონსტიტუცია
700 ## - ADDED ENTRY--PERSONAL NAME
Personal name დემეტრაშვილი, ავთანდილ
Relator term შემდგენელი
9 (RLIN) 162
700 ## - ADDED ENTRY--PERSONAL NAME
Personal name ალექსიძე, ლევან
Relator term რედაქტორი
9 (RLIN) 163
700 ## - ADDED ENTRY--PERSONAL NAME
Personal name ხეცურიანი, ჯონი
Relator term რედაქტორი
9 (RLIN) 164
700 ## - ADDED ENTRY--PERSONAL NAME
Personal name გურგენიძე, ელისო
Relator term რედაქტორი
9 (RLIN) 165
710 ## - ADDED ENTRY--CORPORATE NAME
Corporate name or jurisdiction name as entry element საქართველოს რესპუბლიკის იუსტიციის სამინისტრო
9 (RLIN) 161
942 ## - ADDED ENTRY ELEMENTS (KOHA)
Source of classification or shelving scheme
Koha item type წიგნი
ეგზემპლარები
ჩამოწერის სტატუსი დაკარგული ეგზემპლარის სტატუსი კლასიფიკაციის წყარო ან თაროზე გაწყობის სქემა დაზიანების სტატუსი არ გაიცემა მუდმივი მდებარეობა (დაცვის ადგილი) ამჟამინდელი ადგილსამყოფელი თაროზე განთავსების ადგილი შეძენის თარიღი ღირებულება, შესყიდვის ნორმალური ფასი სრული შენახვის შიფრი შტრიხკოდი ბოლო ოპერაციის თარიღი ეგზემპლარის მიმდევრობითი ნომერი (კეტერი?) ფასის ძალაში შესვლის თარიღი ეგზემპლარის სახეობა საჯარო შენიშვნა
          ბათუმის შოთა რუსთაველის სახელმწიფო უნივერსიტეტის მთავარი ბიბლიოთეკა ბათუმის შოთა რუსთაველის სახელმწიფო უნივერსიტეტის მთავარი ბიბლიოთეკა წიგნსაცავი 2019-04-11 5.00 342.4(100) მ-90 28912 2019-04-11 28912 2019-04-11 წიგნი 5 ლ.